000 00495nam a2200169Ia 4500
003 IN-BaIIA
008 211028s9999 xx 000 0 eng d
040 _cIIA Library
080 _a681.3
_bFAS
245 0 _aFaster than thought
_ba symposium on digital computing machines
_cedited by B. V. Bowden
260 _aLondon
_bSir Isaac Pitman and Sons
_c1953
300 _axix, 416p.
650 _a Computers
_98106
650 _aNASA thesaurus 
700 _aBowden, B. V., ed.
_98107
942 _cBK
999 _c4596
_d4596